000
00336nam a2200133Ia 4500
008
240624s9999 xx 000 0 und d
041
_a
eng
082
_a
338.092 TOO
100
_a
O TOOLE JAMES
245
_a
ENLIGHTENED CAPITALISTS CAUTIONARY TALES
260
_c
2019
_a
New York
_b
Harper Business
300
_a
545 p.
365
_c
_b
33
999
_c
32625
_d
32625